Wszystkie powiaty w Polsce na mapie - Statystyki

Ogólne statystyki
  • Ten quiz został rozwiązany 251 544 razy
    251 482 od ostatniego zresetowania
  • Średni wynik to 126 z 380
Odpowiedzi na mapie
Odpowiedzi zakodowano w zielono-czerwonej skali na mapie do tego quizu, zgodnie z poniższymi procentami.
 
Statystyki odpowiedzi
Województwo Powiat % Poprawnych
Pomorskie miasto {Gdańsk}
81%
Mazowieckie miasto {Warszawa}
81%
Pomorskie miasto {Gdynia}
77%
Małopolskie miasto {Kraków}
77%
Zachodniopomorskie miasto {Szczecin}
76%
Wielkopolskie miasto {Poznań}
75%
Łódzkie miasto {Łódź}
74%
Dolnośląskie miasto {Wrocław}
74%
Śląskie miasto {Katowice}
72%
Lubelskie miasto {Lublin}
72%
Podlaskie miasto {Białystok}
71%
Kujawsko-pomorskie miasto {Bydgoszcz}
70%
Kujawsko-pomorskie miasto {Toruń}
70%
Warmińsko-mazurskie miasto {Olsztyn}
69%
Pomorskie miasto {Sopot}
69%
Podkarpackie miasto {Rzeszów}
68%
Świętokrzyskie miasto {Kielce}
67%
Opolskie miasto {Opole}
67%
Lubuskie miasto {Zielona Góra}
67%
Mazowieckie miasto {Radom}
66%
Lubelskie | Opolskie opolski
65%
Małopolskie krakowski
64%
Wielkopolskie poznański
64%
Podlaskie białostocki
63%
Świętokrzyskie kielecki
63%
Kujawsko-pomorskie bydgoski
62%
Śląskie miasto {Częstochowa}
62%
Lubuskie miasto {Gorzów Wielkopolski}
62%
Zachodniopomorskie miasto {Koszalin}
62%
Podlaskie miasto {Suwałki}
62%
Warmińsko-mazurskie olsztyński
62%
Kujawsko-pomorskie toruński
62%
Warmińsko-mazurskie miasto {Elbląg}
60%
Mazowieckie radomski
60%
Podkarpackie rzeszowski
60%
Dolnośląskie wrocławski
60%
Małopolskie miasto {Tarnów}
58%
Podlaskie suwalski
58%
Lubuskie zielonogórski
58%
Śląskie częstochowski
57%
Zachodniopomorskie koszaliński
57%
Mazowieckie miasto {Płock}
57%
Lubuskie gorzowski
56%
Zachodniopomorskie miasto {Świnoujście}
56%
Pomorskie miasto {Słupsk}
55%
Warmińsko-mazurskie elbląski
54%
Lubelskie lubelski
54%
Śląskie miasto {Gliwice}
54%
Małopolskie tarnowski
54%
Pomorskie gdański
53%
Śląskie miasto {Sosnowiec}
53%
Mazowieckie płocki
53%
Zachodniopomorskie kołobrzeski
52%
Śląskie miasto {Bielsko-Biała}
52%
Śląskie miasto {Bytom}
52%
Lubelskie miasto {Chełm}
52%
Podkarpackie miasto {Przemyśl}
52%
Pomorskie słupski
52%
Podlaskie | Śląskie bielski
51%
Wielkopolskie miasto {Kalisz}
51%
Małopolskie miasto {Nowy Sącz}
51%
Wielkopolskie miasto {Konin}
50%
Śląskie miasto {Zabrze}
50%
Lubelskie miasto {Zamość}
50%
Śląskie miasto {Chorzów}
49%
Dolnośląskie miasto {Jelenia Góra}
49%
Dolnośląskie miasto {Legnica}
49%
Wielkopolskie kaliski
48%
Dolnośląskie legnicki
48%
Dolnośląskie miasto {Wałbrzych}
48%
Dolnośląskie karkonoski
47%
Wielkopolskie koniński
47%
Podlaskie miasto {Łomża}
47%
Łódzkie miasto {Piotrków Trybunalski}
47%
Kujawsko-pomorskie miasto {Włocławek}
47%
Małopolskie tatrzański
47%
Dolnośląskie kłodzki
46%
Małopolskie nowosądecki
46%
Dolnośląskie wałbrzyski
46%
Kujawsko-pomorskie włocławski
46%
Lubelskie zamojski
46%
Lubelskie miasto {Biała Podlaska}
45%
Kujawsko-pomorskie miasto {Grudziądz}
45%
Podkarpackie miasto {Krosno}
45%
Mazowieckie miasto {Siedlce}
45%
Wielkopolskie pilski
45%
Łódzkie piotrkowski
45%
Podkarpackie przemyski
45%
Świętokrzyskie sandomierski
45%
Lubelskie chełmski
44%
Mazowieckie siedlecki
44%
Podlaskie augustowski
43%
Śląskie miasto {Rybnik}
43%
Śląskie miasto {Tychy}
43%
Mazowieckie pruszkowski
43%
Pomorskie pucki
43%
Pomorskie malborski
42%
Śląskie miasto {Dąbrowa Górnicza}
42%
Wielkopolskie miasto {Leszno}
42%
Pomorskie wejherowski
42%
Podkarpackie miasto {Tarnobrzeg}
41%
Małopolskie nowotarski
41%
Mazowieckie | Wielkopolskie ostrowski
41%
Podkarpackie tarnobrzeski
41%
Podkarpackie bieszczadzki
40%
Małopolskie | Opolskie brzeski
40%
Kujawsko-pomorskie grudziądzki
40%
Kujawsko-pomorskie inowrocławski
40%
Dolnośląskie lubiński
40%
Mazowieckie miasto {Ostrołęka}
40%
Lubuskie | Podkarpackie krośnieński
39%
Mazowieckie ostrołęcki
39%
Warmińsko-mazurskie ełcki
38%
Wielkopolskie gnieźnieński
38%
Śląskie miasto {Ruda Śląska}
38%
Łódzkie bełchatowski
37%
Śląskie cieszyński
37%
Łódzkie miasto {Skierniewice}
37%
Mazowieckie | Pomorskie nowodworski
37%
Małopolskie oświęcimski
37%
Łódzkie skierniewicki
37%
Śląskie żywiecki
37%
Śląskie gliwicki
36%
Podlaskie łomżyński
36%
Podkarpackie sanocki
36%
Pomorskie tczewski
36%
Lubelskie | Łódzkie tomaszowski
36%
Warmińsko-mazurskie iławski
35%
Podkarpackie mielecki
35%
Opolskie nyski
35%
Zachodniopomorskie stargardzki
35%
Dolnośląskie | Lubelskie świdnicki
35%
Pomorskie chojnicki
34%
Zachodniopomorskie policki
34%
Lubelskie bialski
33%
Pomorskie lęborski
33%
Mazowieckie legionowski
33%
Małopolskie wadowicki
33%
Małopolskie wielicki
33%
Dolnośląskie zgorzelecki
33%
Mazowieckie ciechanowski
32%
Warmińsko-mazurskie giżycki
32%
Dolnośląskie głogowski
32%
Wielkopolskie kolski
32%
Śląskie miasto {Jaworzno}
32%
Śląskie miasto {Mysłowice}
32%
Mazowieckie miński
32%
Lubelskie puławski
32%
Pomorskie starogardzki
32%
Mazowieckie wołomiński
32%
Lubelskie hrubieszowski
31%
Śląskie miasto {Żory}
31%
Mazowieckie otwocki
31%
Kujawsko-pomorskie aleksandrowski
30%
Pomorskie bytowski
30%
Podkarpackie dębicki
30%
Mazowieckie | Wielkopolskie grodziski
30%
Podlaskie hajnowski
30%
Wielkopolskie leszczyński
30%
Łódzkie łowicki
30%
Śląskie miasto {Jastrzębie-Zdrój}
30%
Mazowieckie mławski
30%
Warmińsko-mazurskie mrągowski
30%
Łódzkie pabianicki
30%
Śląskie rybnicki
30%
Łódzkie sieradzki
30%
Łódzkie zgierski
30%
Zachodniopomorskie gryficki
29%
Podkarpackie jarosławski
29%
Śląskie miasto {Siemianowice Śląskie}
29%
Świętokrzyskie ostrowiecki
29%
Małopolskie bocheński
28%
Pomorskie kartuski
28%
Opolskie kluczborski
28%
Podkarpackie leski
28%
Warmińsko-mazurskie ostródzki
28%
Podkarpackie stalowowolski
28%
Lubuskie żarski
28%
Warmińsko-mazurskie bartoszycki
27%
Małopolskie dąbrowski
27%
Warmińsko-mazurskie gołdapski
27%
Małopolskie gorlicki
27%
Mazowieckie grójecki
27%
Zachodniopomorskie kamieński
27%
Łódzkie kutnowski
27%
Małopolskie limanowski
27%
Śląskie miasto {Piekary Śląskie}
27%
Małopolskie myślenicki
27%
Dolnośląskie oławski
27%
Małopolskie olkuski
27%
Śląskie raciborski
27%
Mazowieckie warszawski-zachodni
27%
Łódzkie wieluński
27%
Mazowieckie żyrardowski
27%
Śląskie będziński
26%
Lubelskie biłgorajski
26%
Zachodniopomorskie gryfiński
26%
Pomorskie kwidzyński
26%
Śląskie miasto {Świętochłowice}
26%
Mazowieckie piaseczyński
26%
Wielkopolskie turecki
26%
Małopolskie chrzanowski
25%
Łódzkie łódzki wschodni
25%
Lubuskie nowosolski
25%
Świętokrzyskie skarżyski
25%
Świętokrzyskie starachowicki
25%
Lubuskie świebodziński
25%
Dolnośląskie bolesławiecki
24%
Kujawsko-pomorskie chełmiński
24%
Zachodniopomorskie drawski
24%
Mazowieckie garwoliński
24%
Podkarpackie jasielski
24%
Świętokrzyskie kazimierski
24%
Warmińsko-mazurskie kętrzyński
24%
Dolnośląskie oleśnicki
24%
Świętokrzyskie opatowski
24%
Mazowieckie płoński
24%
Mazowieckie pułtuski
24%
Łódzkie radomszczański
24%
Łódzkie rawski
24%
Mazowieckie sochaczewski
24%
Dolnośląskie | Wielkopolskie średzki
24%
Opolskie strzelecki
24%
Zachodniopomorskie szczecinecki
24%
Kujawsko-pomorskie tucholski
24%
Lubuskie żagański
24%
Warmińsko-mazurskie braniewski
23%
Świętokrzyskie buski
23%
Dolnośląskie jaworski
23%
Świętokrzyskie jędrzejowski
23%
Łódzkie łęczycki
23%
Lubelskie lubartowski
23%
Małopolskie miechowski
23%
Lubuskie międzyrzecki
23%
Opolskie namysłowski
23%
Warmińsko-mazurskie piski
23%
Śląskie pszczyński
23%
Podlaskie sejneński
23%
Lubuskie słubicki
23%
Małopolskie suski
23%
Śląskie wodzisławski
23%
Śląskie zawierciański
23%
Pomorskie człuchowski
22%
Warmińsko-mazurskie działdowski
22%
Zachodniopomorskie goleniowski
22%
Podlaskie grajewski
22%
Lubelskie janowski
22%
Opolskie kędzierzyńsko-kozielski
22%
Lubelskie kraśnicki
22%
Warmińsko-mazurskie lidzbarski
22%
Śląskie lubliniecki
22%
Dolnośląskie polkowicki
22%
Wielkopolskie rawicki
22%
Podlaskie sokólski
22%
Wielkopolskie śremski
22%
Kujawsko-pomorskie świecki
22%
Zachodniopomorskie wałecki
22%
Warmińsko-mazurskie węgorzewski
22%
Świętokrzyskie włoszczowski
22%
Podlaskie zambrowski
22%
Wielkopolskie złotowski
22%
Zachodniopomorskie białogardzki
21%
Kujawsko-pomorskie brodnicki
21%
Wielkopolskie jarociński
21%
Pomorskie kościerski
21%
Podkarpackie łańcucki
21%
Lubelskie łukowski
21%
Śląskie myszkowski
21%
Warmińsko-mazurskie nidzicki
21%
Warmińsko-mazurskie olecki
21%
Lubelskie rycki
21%
Zachodniopomorskie sławieński
21%
Mazowieckie sokołowski
21%
Pomorskie sztumski
21%
Lubelskie włodawski
21%
Dolnośląskie złotoryjski
21%
Mazowieckie białobrzeski
20%
Opolskie głubczycki
20%
Mazowieckie gostyniński
20%
Wielkopolskie gostyński
20%
Dolnośląskie kamiennogórski
20%
Śląskie kłobucki
20%
Świętokrzyskie konecki
20%
Podkarpackie leżajski
20%
Dolnośląskie lubański
20%
Śląskie mikołowski
20%
Dolnośląskie milicki
20%
Zachodniopomorskie myśliborski
20%
Warmińsko-mazurskie nowomiejski
20%
Wielkopolskie nowotomyski
20%
Wielkopolskie obornicki
20%
Lubelskie radzyński
20%
Podlaskie siemiatycki
20%
Śląskie tarnogórski
20%
Mazowieckie wyszkowski
20%
Kujawsko-pomorskie żniński
20%
Dolnośląskie dzierżoniowski
19%
Wielkopolskie kępiński
19%
Mazowieckie kozienicki
19%
Lubelskie krasnostawski
19%
Wielkopolskie krotoszyński
19%
Łódzkie łaski
19%
Mazowieckie lipski
19%
Kujawsko-pomorskie nakielski
19%
Opolskie oleski
19%
Łódzkie opoczyński
19%
Opolskie prudnicki
19%
Mazowieckie przasnyski
19%
Wielkopolskie szamotulski
19%
Dolnośląskie trzebnicki
19%
Wielkopolskie wrzesiński
19%
Dolnośląskie ząbkowicki
19%
Łódzkie zduńskowolski
19%
Podkarpackie brzozowski
18%
Opolskie krapkowicki
18%
Lubelskie łęczyński
18%
Mazowieckie łosicki
18%
Podkarpackie lubaczowski
18%
Mazowieckie makowski
18%
Podlaskie moniecki
18%
Warmińsko-mazurskie szczycieński
18%
Wielkopolskie wolsztyński
18%
Lubuskie wschowski
18%
Podlaskie wysokomazowiecki
18%
Śląskie bieruńsko-lędziński
17%
Łódzkie brzeziński
17%
Podkarpackie kolbuszowski
17%
Wielkopolskie kościański
17%
Dolnośląskie lwówecki
17%
Wielkopolskie międzychodzki
17%
Wielkopolskie ostrzeszowski
17%
Świętokrzyskie pińczowski
17%
Małopolskie proszowicki
17%
Podkarpackie przeworski
17%
Mazowieckie przysuski
17%
Kujawsko-pomorskie rypiński
17%
Mazowieckie sierpecki
17%
Wielkopolskie słupecki
17%
Mazowieckie szydłowiecki
17%
Mazowieckie węgrowski
17%
Mazowieckie żuromiński
17%
Wielkopolskie chodzieski
16%
Kujawsko-pomorskie golubsko-dobrzyński
16%
Kujawsko-pomorskie mogileński
16%
Łódzkie pajęczański
16%
Lubelskie parczewski
16%
Wielkopolskie pleszewski
16%
Świętokrzyskie staszowski
16%
Dolnośląskie strzeliński
16%
Wielkopolskie wągrowiecki
16%
Łódzkie wieruszowski
16%
Mazowieckie zwoleński
16%
Wielkopolskie czarnkowsko-trzcianecki
15%
Dolnośląskie górowski
15%
Podlaskie kolneński
15%
Zachodniopomorskie łobeski
15%
Podkarpackie niżański
15%
Łódzkie poddębicki
15%
Zachodniopomorskie pyrzycki
15%
Podkarpackie ropczycko-sędziszowski
15%
Lubuskie sulęciński
15%
Zachodniopomorskie świdwiński
15%
Dolnośląskie wołowski
15%
Kujawsko-pomorskie lipnowski
14%
Kujawsko-pomorskie sępoleński
14%
Lubuskie strzelecko-drezdenecki
14%
Podkarpackie strzyżowski
14%
Kujawsko-pomorskie wąbrzeski
14%
Zachodniopomorskie choszczeński
13%
Kujawsko-pomorskie radziejowski
13%
Nie znaleziono quizów pasujących do podanych kryteriów
Rozkład punktacji
Procent ludzi z każdym wynikiem
Percentyl według liczby udzielonych odpowiedzi
Twoja historia wyników
Nie rozwiązałeś tego quizu od ostatniego zresetowania